[Event "AUT-chT U18 rapid"]
[Site "Vienna"]
[Date "2023.10.29"]
[Round "6.2"]
[White "Wimmer, Michael"]
[Black "Leitgeb, Julian"]
[Result "0-1"]
[WhiteElo "2082"]
[BlackElo "2162"]
[PlyCount "120"]
[EventDate "2023.10.29"]
[EventType "team-swiss"]
[EventRounds "7"]
[EventCountry "AUT"]
[SourceTitle "Mega2024 Update 01"]
[Source "Chessbase"]
[SourceDate "2023.11.12"]
[SourceVersion "1"]
[SourceVersionDate "2023.11.12"]
[SourceQuality "1"]
[WhiteTeam "Oberoesterreich U18"]
[BlackTeam "Steiermark U18"]
[WhiteTeamCountry "AUT"]
[BlackTeamCountry "AUT"]

1. e4 c5 2. Nf3 e6 3. d4 cxd4 4. Nxd4 Nc6 5. a3 Nf6 6. Nc3 Be7 7. f4 d6 8. Be3 a6 9. Be2 Qc7 10. 0-0 Nxd4 11. Bxd4 b5 12. Qe1 Bb7 13. Bd3 0-0 14. Qg3 g6 15. Rae1 Nh5 16. Qf2 Nxf4 17. Qxf4 e5 18. Qf2 exd4 19. Ne2 d5 20. e5 Qxe5 21. Ng3 Qd6 22. Nf5 gxf5 23. Qxf5 Qg6 24. Rxe7 Qxf5 25. Rxf5 Bc6 26. Rg5+ Kh8 27. Rh5 Rae8 28. Rxh7+ Kg8 29. Rxe8 Rxe8 30. Kf2 Re5 31. Rh6 Re6 32. Rxe6 fxe6 33. g4 Kg7 34. Kg3 e5 35. Bf5 a5 36. h4 b4 37. axb4 axb4 38. g5 Be8 39. Kg4 Ba4 40. h5 e4 41. h6+ Kh8 42. g6 b3 43. cxb3 d3 44. Kg5 Be8 45. g7+ Kg8 46. Bg6 d2 47. Bxe8 d1Q 48. Bg6 Qg1+ 49. Kf6 Qf2+ 50. Kg5 Qe3+ 51. Kh5 d4 52. Bf5 Qf3+ 53. Kg5 Qg3+ 54. Kh5 Qe5 55. Kg6 Qd6+ 56. Kg5 e3 57. Bd3 Qe5+ 58. Kg6 Qe6+ 59. Kg5 e2 60. Bc4 e1Q 0-1

[Event "AUT-ch U14"]
[Site "St Veit"]
[Date "2023.06.09"]
[Round "3"]
[White "Stoegerer, Konstantin"]
[Black "Wimmer, Michael"]
[Result "0-1"]
[WhiteElo "1489"]
[BlackElo "2085"]
[PlyCount "64"]
[EventDate "2023.06.08"]
[EventType "swiss"]
[EventRounds "7"]
[EventCountry "AUT"]
[SourceTitle "EXT 2024"]
[Source "ChessBase"]
[SourceDate "2023.10.10"]
[SourceVersion "1"]
[SourceVersionDate "2023.10.10"]
[SourceQuality "1"]

1. d4 Nf6 2. Bf4 e6 3. e3 b6 4. Nf3 Bb7 5. Bd3 c5 6. c3 Be7 7. Nbd2 0-0 8. Qc2 Nc6 9. 0-0 Rc8 10. h3 cxd4 11. exd4 Nb4 12. Qb1 Nxd3 13. Qxd3 h6 14. Rfe1 d6 15. Rad1 Qc7 16. Qe2 Qb8 17. Nh2 Qa8 18. f3 Nh5 19. Be3 Bh4 20. Bf2 Nf4 21. Qe3 Bg5 22. Kh1 Nxg2 23. Qe2 Nxe1 24. Bxe1 e5 25. h4 Bf4 26. dxe5 dxe5 27. Qg2 Rcd8 28. Bg3 Bxd2 29. Bxe5 f6 30. Rg1 Rd7 31. Ng4 Bxf3 32. Nxf6+ Rxf6 0-1

[Event "EU-ch Hybrid U12"]
[Site "Tornelo INT"]
[Date "2021.10.15"]
[Round "8"]
[White "Balint, Peter1111"]
[Black "Wimmer, Michael"]
[Result "1-0"]
[WhiteElo "1983"]
[BlackElo "1708"]
[PlyCount "57"]
[EventDate "2021.10.15"]
[EventType "swiss"]
[EventRounds "9"]
[EventCountry "NET"]
[SourceTitle "EXT 2023"]
[Source "ChessBase"]
[SourceDate "2022.10.05"]
[SourceVersion "1"]
[SourceVersionDate "2022.10.05"]
[SourceQuality "1"]
[WhiteTeam "Austria"]
[BlackTeam "Austria"]
[WhiteTeamCountry "AUT"]
[BlackTeamCountry "AUT"]

1. e4 e5 2. Nf3 Nc6 3. Bb5 a6 4. Ba4 Nf6 5. 0-0 Nxe4 6. d4 exd4 7. Re1 d5 8. Nxd4 Bd6 9. Nxc6 Bxh2+ 10. Kh1 Qh4 11. Rxe4+ dxe4 12. Qd8+ Qxd8 13. Nxd8+ Kxd8 14. Kxh2 Be6 15. c3 h6 16. Be3 b5 17. Bc2 f5 18. Nd2 Ke7 19. f3 exf3 20. Nxf3 g5 21. Re1 Kf7 22. Ne5+ Kg8 23. Bd4 Rh7 24. Nc6 Kf7 25. g4 Bd5 26. Re7+ Kg8 27. Rxh7 Kxh7 28. Bxf5+ Kg8 29. Ne7+ 1-0

[Event "EU-ch Hybrid U12"]
[Site "Tornelo INT"]
[Date "2021.10.15"]
[Round "2"]
[White "Novozhilov, Semen"]
[Black "Wimmer, Michael"]
[Result "1-0"]
[WhiteElo "2106"]
[BlackElo "1708"]
[PlyCount "67"]
[EventDate "2021.10.15"]
[EventType "swiss"]
[EventRounds "9"]
[EventCountry "NET"]
[SourceTitle "EXT 2023"]
[Source "ChessBase"]
[SourceDate "2022.10.05"]
[SourceVersion "1"]
[SourceVersionDate "2022.10.05"]
[SourceQuality "1"]
[WhiteTeam "Russia"]
[BlackTeam "Austria"]
[WhiteTeamCountry "RUS"]
[BlackTeamCountry "AUT"]

1. d4 d5 2. c4 e6 3. Nf3 Nf6 4. g3 Be7 5. Bg2 0-0 6. 0-0 b6 7. cxd5 Nxd5 8. e4 Nf6 9. Nc3 Bb7 10. Qc2 Nbd7 11. Rd1 Bb4 12. e5 Nd5 13. Ng5 g6 14. Nxd5 Bxd5 15. Bxd5 exd5 16. e6 Nf6 17. exf7+ Rxf7 18. Nxf7 Kxf7 19. Bg5 Qd7 20. Bxf6 Kxf6 21. Rac1 Bd6 22. Qc6 Qxc6 23. Rxc6 Re8 24. Kf1 Re4 25. f3 Re3 26. Kf2 Re6 27. Rdc1 Kf5 28. b4 a6 29. a4 Bc5 30. Rxe6 Bxd4+ 31. Re3 c5 32. bxc5 bxc5 33. Ke2 Bxe3 34. Kxe3 1-0

[Event "AUT-ch U12 Online Rapid"]
[Site "Playchess.com INT"]
[Date "2020.12.13"]
[Round "3"]
[White "Ernst, Robert"]
[Black "Wimmer, Michael"]
[Result "1-0"]
[WhiteElo "1674"]
[BlackElo "1666"]
[PlyCount "73"]
[EventDate "2020.12.13"]
[EventType "swiss (rapid)"]
[EventRounds "7"]
[EventCountry "AUT"]
[SourceTitle "EXT 2022"]
[Source "ChessBase"]
[SourceDate "2021.10.06"]
[SourceVersion "1"]
[SourceVersionDate "2021.10.06"]
[SourceQuality "1"]

1. e4 e5 2. Nf3 Nc6 3. d4 exd4 4. Bc4 Nf6 5. e5 d5 6. Bb5 Ne4 7. Nxd4 Bd7 8. Bxc6 bxc6 9. 0-0 Bc5 10. f3 Ng5 11. f4 Ne6 12. Be3 Qh4 13. c3 Rb8 14. Qd2 Bxd4 15. cxd4 0-0 16. f5 Nd8 17. Nc3 Qh5 18. Qf2 g6 19. fxg6 hxg6 20. Na4 Bf5 21. Nc5 Nb7 22. Na6 Rbc8 23. Nb4 Na5 24. Rac1 Nc4 25. Nxc6 Rfe8 26. b3 Nxe3 27. Qxe3 Be4 28. Qf2 Re6 29. Qxf7+ Kh8 30. Qxe6 Rg8 31. Ne7 Re8 32. Qf6+ Kh7 33. Qf7+ Kh6 34. Qxe8 Qg4 35. Qh8+ Kg5 36. Qf6+ Kh5 37. Qf2 1-0

[Event "AUT-ch U12 Online Rapid"]
[Site "Playchess.com INT"]
[Date "2020.12.13"]
[Round "1"]
[White "Kienboeck, Samuel"]
[Black "Wimmer, Michael"]
[Result "0-1"]
[WhiteElo "1591"]
[BlackElo "1639"]
[PlyCount "72"]
[EventDate "2020.12.13"]
[EventType "swiss (rapid)"]
[EventRounds "7"]
[EventCountry "AUT"]
[SourceTitle "EXT 2022"]
[Source "ChessBase"]
[SourceDate "2021.10.06"]
[SourceVersion "1"]
[SourceVersionDate "2021.10.06"]
[SourceQuality "1"]

1. e4 e5 2. Nf3 Nc6 3. d4 exd4 4. Nxd4 Nf6 5. Nxc6 bxc6 6. e5 Qe7 7. Qe2 Nd5 8. c4 Nb6 9. Nc3 d6 10. Bf4 Be6 11. b3 g6 12. g3 Bg7 13. Bg2 0-0 14. 0-0 Qd7 15. Rac1 Rfe8 16. Rfd1 d5 17. c5 Nc8 18. b4 a6 19. a3 Ne7 20. a4 Reb8 21. Na2 a5 22. b5 cxb5 23. axb5 Qxb5 24. Qe3 Nf5 25. Qd2 c6 26. Nc3 Qb4 27. Ne2 Qxd2 28. Rxd2 a4 29. Nd4 Nxd4 30. Rxd4 g5 31. Bxg5 Bxe5 32. Rg4 Bxg4 33. f3 Be6 34. f4 Bd4+ 35. Kf1 a3 36. Ra1 Bxa1 0-1

[Event "AUT-ch U12 Online Rapid"]
[Site "Playchess.com INT"]
[Date "2020.12.13"]
[Round "5"]
[White "Wimmer, Michael"]
[Black "Maier, Tobias"]
[Result "1-0"]
[WhiteElo "1660"]
[BlackElo "1655"]
[PlyCount "99"]
[EventDate "2020.12.13"]
[EventType "swiss (rapid)"]
[EventRounds "7"]
[EventCountry "AUT"]
[SourceTitle "EXT 2022"]
[Source "ChessBase"]
[SourceDate "2021.10.06"]
[SourceVersion "1"]
[SourceVersionDate "2021.10.06"]
[SourceQuality "1"]

1. e4 e5 2. Nf3 Nc6 3. d4 exd4 4. Nxd4 Qh4 5. Nc3 Bb4 6. Qd3 Nxd4 7. Qxd4 Bxc3+ 8. bxc3 Qf6 9. Bd3 d6 10. Be3 c5 11. Qxf6 Nxf6 12. f3 b6 13. 0-0 0-0 14. Rad1 Bb7 15. Bc4 Rfd8 16. Bg5 h6 17. Bxf6 gxf6 18. Rd2 Kg7 19. Rfd1 Kg6 20. Rxd6 Rg8 21. Rd7 Bc6 22. Rxf7 Rgd8 23. Rxd8 Rxd8 24. Rc7 Ba4 25. Bd3 Ra8 26. Kf2 a6 27. f4 f5 28. exf5+ Kf6 29. Rh7 Bb5 30. Rxh6+ Kg7 31. Rxb6 Bxd3 32. cxd3 Rd8 33. Ke3 a5 34. Ke4 c4 35. d4 Rh8 36. h3 Rd8 37. Ke5 Kf7 38. Rb7+ Ke8 39. f6 a4 40. h4 a3 41. h5 Kf8 42. Rg7 Re8+ 43. Re7 Rd8 44. Ke6 Rc8 45. Rd7 Ke8 46. d5 Kf8 47. g4 Ke8 48. Rh7 Kd8 49. d6 Rc7 50. Rh8# 1-0

[Event "AUT-ch Vor4 Internet"]
[Site "Playchess.com INT"]
[Date "2020.04.25"]
[Round "6"]
[White "Kellner, Nikolaus"]
[Black "Wimmer, Michael"]
[Result "1-0"]
[WhiteElo "1693"]
[BlackElo "1559"]
[PlyCount "143"]
[EventDate "2020.04.25"]
[EventType "swiss (blitz)"]
[EventRounds "9"]
[EventCountry "AUT"]
[SourceTitle "EXT 2021"]
[Source "ChessBase"]
[SourceDate "2020.10.23"]
[SourceVersion "1"]
[SourceVersionDate "2020.10.23"]
[SourceQuality "1"]

1. g4 d5 2. h3 e5 3. d3 Nc6 4. Nc3 Bc5 5. Nf3 h6 6. Nxe5 Bxf2+ 7. Kxf2 Qh4+ 8. Kg2 Nxe5 9. Bf4 Ng6 10. Bg3 Qe7 11. e4 dxe4 12. Nxe4 Be6 13. Qf3 0-0-0 14. Rd1 Bd5 15. Be2 Nf6 16. Qe3 Rhe8 17. Qxa7 Bxe4+ 18. dxe4 Qxe4+ 19. Bf3 Qxc2+ 20. Bf2 c6 21. Rxd8+ Rxd8 22. Qa8+ Kc7 23. Qa5+ Kc8 24. Qa8+ Kc7 25. Qa5+ Kc8 26. Qf5+ Qxf5 27. gxf5 Nf4+ 28. Kg3 N4d5 29. Rc1 Kc7 30. Bd4 b6 31. a3 Kb7 32. b4 Re8 33. Bxf6 Nxf6 34. Bxc6+ Kc7 35. Bxe8+ Kd8 36. Bxf7 Ke7 37. Be6 Ne4+ 38. Kf4 Nf2 39. h4 Nd3+ 40. Ke4 Nxc1 41. Kd5 Nd3 42. Kc6 Nb2 43. Kxb6 Na4+ 44. Kb5 Nc3+ 45. Kc4 Na4 46. b5 Nb6+ 47. Kc5 Na4+ 48. Kc6 Kd8 49. b6 Nc3 50. b7 Ke7 51. b8Q Nd5 52. Qb7+ Kf6 53. Qf7+ Ke5 54. Bxd5 g5 55. Qe6+ Kf4 56. Qe4+ Kg3 57. hxg5 hxg5 58. Qf3+ Kh4 59. Bf7 g4 60. Qf4 Kh3 61. Bh5 g3 62. Qg4+ Kh2 63. Qh4+ Kg2 64. f6 Kg1 65. Bf3 g2 66. Qe1+ Kh2 67. Bxg2 Kxg2 68. f7 Kh3 69. f8Q Kg2 70. Qe3 Kh2 71. Qg8 Kh1 72. Qh6# 1-0

[Event "AUT-ch Vor3 Internet"]
[Site "Playchess.com INT"]
[Date "2020.04.17"]
[Round "4"]
[White "Lager, Johannes"]
[Black "Wimmer, Michael"]
[Result "0-1"]
[WhiteElo "1611"]
[BlackElo "1559"]
[PlyCount "186"]
[EventDate "2020.04.17"]
[EventType "swiss (blitz)"]
[EventRounds "9"]
[EventCountry "AUT"]
[SourceTitle "CBM 195 Extra"]
[Source "ChessBase"]
[SourceDate "2020.05.31"]
[SourceVersion "1"]
[SourceVersionDate "2020.05.31"]
[SourceQuality "1"]

1. e4 e5 2. Nf3 Nc6 3. Bc4 Bc5 4. 0-0 Nf6 5. d4 Bxd4 6. Nxd4 Nxd4 7. f4 d6 8. fxe5 dxe5 9. Bg5 h6 10. Bh4 g5 11. Bg3 Qe7 12. c3 Nc6 13. Qf3 Nh7 14. Bxf7+ Kd8 15. Rd1+ Bd7 16. Bh5 Rf8 17. Qe3 Kc8 18. Na3 b6 19. Nc4 Nf6 20. Be2 Kb7 21. a4 a5 22. h4 g4 23. h5 Nxh5 24. Bh2 Rad8 25. Qxh6 Rh8 26. Qe3 Qg7 27. Kf1 Rdf8+ 28. Ke1 g3 29. Bg1 Nf4 30. Bf3 Rh1 31. Nxb6 Rxg1+ 32. Qxg1 cxb6 33. Rd2 Be6 34. Rad1 Re8 35. Rd6 Re7 36. Qe3 Rd7 37. Qd2 Rxd6 38. Qxd6 Qf7 39. b4 Bb3 40. Rd2 Be6 41. b5 Nb8 42. Qxe5 Bc4 43. Qd4 Be6 44. e5+ Ka7 45. Qe4 Bd5 46. Rxd5 Nxd5 47. Qxd5 Qxd5 48. Bxd5 Nd7 49. e6 Nf6 50. e7 Kb8 51. Ke2 Kc7 52. Bb3 Kd7 53. Kf3 Kxe7 54. Kxg3 Kd6 55. Kf3 Ke5 56. g3 Nh5 57. Bf7 Nf6 58. c4 Nd7 59. g4 Kf6 60. Bd5 Nc5 61. Kf4 Nxa4 62. g5+ Kg6 63. Be4+ Kg7 64. g6 Nc5 65. Bc2 a4 66. Ke5 a3 67. Bb1 Nb3 68. Kd6 Nd2 69. Ba2 Kxg6 70. Kc6 Ne4 71. Kxb6 Kf7 72. c5+ Ke8 73. Kb7 Kd8 74. c6 Nd6+ 75. Kb6 Kc8 76. Be6+ Kd8 77. c7+ Ke7 78. c8Q Nxc8+ 79. Ka5 Kxe6 80. b6 Nxb6 81. Kxb6 a2 82. Kb5 a1Q 83. Kc4 Qd1 84. Kc5 Qd5+ 85. Kb4 Qc6 86. Kb3 Qc1 87. Kb4 Kd5 88. Kb3 Kd4 89. Ka2 Qc8 90. Kb3 Qc3+ 91. Ka2 Qb4 92. Ka1 Kc3 93. Ka2 Qb2# 0-1

[Event "AUT-ch Vor2 Internet"]
[Site "Playchess.com INT"]
[Date "2020.04.13"]
[Round "9"]
[White "Hechl, Gerald"]
[Black "Wimmer, Michael"]
[Result "1-0"]
[WhiteElo "2333"]
[BlackElo "1559"]
[PlyCount "49"]
[EventDate "2020.04.13"]
[EventType "swiss (blitz)"]
[EventRounds "9"]
[EventCountry "AUT"]
[SourceTitle "CBM 195 Extra"]
[Source "ChessBase"]
[SourceDate "2020.05.31"]
[SourceVersion "1"]
[SourceVersionDate "2020.05.31"]
[SourceQuality "1"]

1. d4 d5 2. Nc3 e6 3. Bf4 a6 4. e3 Nf6 5. g4 Bd6 6. g5 Ne4 7. Nxe4 dxe4 8. Bg2 Bxf4 9. exf4 f5 10. Ne2 b6 11. Qd2 Bb7 12. Qb4 a5 13. Qc4 Ba6 14. Qxe6+ Qe7 15. Qxe7+ Kxe7 16. Nc3 c6 17. 0-0-0 Nd7 18. Rhe1 c5 19. Nd5+ Ke6 20. Nc7+ Ke7 21. Nxa8 Rxa8 22. f3 cxd4 23. fxe4 fxe4 24. Bxe4 Kd6 25. Bxa8 1-0

[Event "AUT-ch U10"]
[Site "St Kanzian"]
[Date "2019.06.22"]
[Round "5"]
[White "Ernst, Robert"]
[Black "Wimmer, Michael"]
[Result "0-1"]
[WhiteElo "1239"]
[BlackElo "1328"]
[PlyCount "31"]
[EventDate "2019.06.21"]
[EventType "swiss"]
[EventRounds "7"]
[EventCountry "AUT"]
[SourceTitle "CBM 191 Extra"]
[Source "ChessBase"]
[SourceDate "2019.09.30"]
[SourceVersion "1"]
[SourceVersionDate "2019.09.30"]
[SourceQuality "1"]

1. e4 e5 2. Nf3 Nc6 3. d4 exd4 4. Nxd4 Nf6 5. Nxc6 bxc6 6. e5 Nd5 7. c4 Nb6 8. Nc3 Bb4 9. Bd2 0-0 10. a3 Be7 11. Bd3 d5 12. exd6 Bxd6 13. Ne4 Re8 14. 0-0 Bxh2+ 15. Kxh2 Qxd3 16. Nc5 0-1

[Event "AUT-ch U10"]
[Site "St Kanzian"]
[Date "2019.06.21"]
[Round "3"]
[White "Rosol, Philip"]
[Black "Wimmer, Michael"]
[Result "1-0"]
[WhiteElo "1481"]
[BlackElo "1328"]
[PlyCount "93"]
[EventDate "2019.06.21"]
[EventType "swiss"]
[EventRounds "7"]
[EventCountry "AUT"]
[SourceTitle "CBM 191 Extra"]
[Source "ChessBase"]
[SourceDate "2019.09.30"]
[SourceVersion "1"]
[SourceVersionDate "2019.09.30"]
[SourceQuality "1"]

1. d4 d5 2. c4 e6 3. Nc3 Nf6 4. cxd5 exd5 5. Bg5 Be7 6. Bxf6 Bxf6 7. Nf3 0-0 8. e3 Bg4 9. h3 Bh5 10. Be2 c6 11. 0-0 Nd7 12. b4 a6 13. a4 Bxf3 14. Bxf3 Nb6 15. Rb1 Nc4 16. Be2 b5 17. a5 Re8 18. Re1 h6 19. Bg4 Qc7 20. Qd3 Rad8 21. Ne2 Bg5 22. Nc1 Be7 23. e4 dxe4 24. Rxe4 Bf6 25. Nb3 Rxe4 26. Qxe4 Bxd4 27. Nxd4 Nd2 28. Qxc6 Qa7 29. Rd1 Qxd4 30. Qb6 Qf6 31. Qxf6 gxf6 32. f3 Rd6 33. Kf2 Kf8 34. Ke2 Nc4 35. Rxd6 Nxd6 36. Kd3 f5 37. Bh5 Ke7 38. f4 Ke6 39. Bf3 f6 40. Kd4 Kd7 41. Bd5 h5 42. h4 Kc7 43. Bf3 Kd7 44. Bxh5 Ne4 45. Bg6 Ng3 46. Kc5 Kc7 47. h5 1-0